Statistics for Closest City Pairs #2

Click here to take the quiz!

General Stats

  • This quiz has been taken 24,597 times
    (10,816 since last reset)
  • The average score is 15 of 20

Answer Stats

City 1City 2% Correct
RotterdamAmsterdam
89%
PyongyangSeoul
89%
OsloStockholm
89%
BrisbaneSydney
86%
RomeNaples
85%
VancouverSeattle
85%
JerusalemTel Aviv
85%
HavanaMiami
84%
PhiladelphiaNew York City
84%
CairoAlexandria
83%
HelsinkiSt. Petersburg
79%
BerlinHamburg
76%
Hong KongGuangzhou / Shenzhen
70%
BrazzavilleKinshasa
69%
DamascusBeirut
67%
Minneapolis / St. PaulMilwaukee
56%
DetroitCleveland
54%
GuayaquilQuito
51%
Guatemala CitySan Salvador
51%
HonoluluSan Francisco
49%

Score Distribution

Percentile by Number Answered

Percent of People with Each Score

Your Score History

You have not taken this quiz since the last reset